Natural rubber sidewalls for high capacity conveying (Record no. 63636)

MARC details
000 -LEADER
fixed length control field 00345nam a2200133Ia 4500
100 ## - MAIN ENTRY--AUTHOR NAME
Personal name Vaughan M B
245 #0 - TITLE STATEMENT
Title Natural rubber sidewalls for high capacity conveying
260 ## - PUBLICATION, DISTRIBUTION, ETC. (IMPRINT)
Name of publisher Rubber Developments
Year of publication 1971
300 ## - PHYSICAL DESCRIPTION
Number of Pages 84-86
650 ## - SUBJECT ADDED ENTRY--TOPICAL TERM
Topical Term Conveying
650 ## - SUBJECT ADDED ENTRY--TOPICAL TERM
Topical Term Natural rubber
942 ## - ADDED ENTRY ELEMENTS (KOHA)
Koha item type Journals
Holdings
Withdrawn status Lost status Damaged status Not for loan Home library Current library Shelving location Date acquired Serial Enumeration / chronology Koha item type
      Journals RRII Library RRII Library Rubber chemistry 17/12/2021 Volume 24, Issue 3 Journals